000 00601naa a2200217 i 4500
001 37375
003 ES-MaBCM
005 20241016104016.0
008 951120s1995 fra 000 0 fre d
021 _axx
035 _a(OCoLC)1365248350
040 _cES-MaBCM
041 0 _afre
043 _afra
100 1 _aNolin, Alain
_933748
245 1 2 _aL'économie des régions de 1982 a 1992
_cAlain Nolin
650 2 7 _aPolítica regional
_959841
651 4 _aFrancia
_9115364
773 0 _aEn:
_tLes notes bleues de Bercy
_dParis : 1995
_w104642
_gnº 73, oct., p. 1-6. - Loc. S.326
942 _cAREV
999 _c37375
_d37375